000 00494nam a22001697a 4500
005 20240821131853.0
008 240821b |||||||| |||| 00| 0 eng d
020 _a9781484237748
082 _a005.35
_bCHE-B
100 _aCHE-B
245 _aBuild Mobile Apps with Ionic 4 and Firebase:
_b: Hybrid Mobile App Development /
_cFu Cheng
260 _aUSA:
_bWiley:
_c2018.
300 _axiv, 435 p. :
_bill;
_c24 cm.
500 _ainclude index.
650 _aMobile application
999 _c36436
_d36436